000 00954nam a2200217Ia 4500
999 _c5678
_d5678
003 OSt
005 20200624193145.0
008 191128s2008 ck ado fr 000 0 spa d
040 _aCO-JMCR
_cCO-JMCR
041 0 _aspa
082 0 4 _a333.75 /
_bA357u
_223
100 1 _aAldana, Camilo,
_eautor
_96133
245 1 0 _aUna perspectiva de la competitividad forestal de Colombia /
_cCamilo Aldana
260 _aBogotá :
_bUSAID,
_c2008
300 _a219 páginas :
_bfotografías y gráficos a color ;
_c28 cm.
504 _aBibliografía: páginas 213-219
505 0 _aMetodología aplicada para el sector forestal -- Principales resultados síntesis de la Ruta 1 -- Principales resultados síntesis de la Ruta 2 -- El mercado de maderas -- La competitividad por producto: resultados detallados y análisis de sensibilidad
650 1 4 _aSector forestal
_xestudios
_96134
650 1 4 _aForestales
_xmercados de maderas
_zColombia
_96135
942 _2ddc
_cBK